000 00803nam a2200193 a 4500
001 19366
005 20180713212810.0
008 140415s1996 mx 000 0 spa d
020 _a9681329422
041 _aspa
082 _a332.4
_bSAL
100 1 _aSALINAS PRICE, HUGO
245 1 3 _aLA PLATA :
_bEL CAMINO PARA MEXICO
250 _a1a ed.
260 _aMEXICO :
_bDIANA,
_c1996
300 _a117
_c13.5 x 0.7 x 21
520 _aCON ESTE ENSAYO, ESPERA QUE TODOS A QUIENES AFECTA LA CRISIS MEXIACANA PUEDAN COMPRENDER SUS CAUSAS, ENTENDER QUE LOS MEDIOS PARA SUPENDERLA ESTAN EN NUESTRAS MANOS Y ES FACTIBLE APLICARLOS, Y QUE SOLO HACE FALTA QUE NUESTRAS AUTORIDADES RECONOZCAN LAS REALIDADES MATERIALES Y SICOLÓGICAS QUE EN ESTA OBRA SE SEÑALAN.
650 1 4 _aCAPITAL
_xMONEDA
999 _c19366
_d19366